Grande extension du commerce extérieur de la France et de ses industries agricole et manufacturière par le retrait des prohibitions inscrites dans les tarifes des douanes / (Record no. 156455)

MARC details
000 -LEADER
campo de control de longitud fija 00747nam a22001815i 4500
001 - NÚMERO DE CONTROL
campo de control 156455
003 - IDENTIFICADOR DE NÚMERO DE CONTROL
campo de control ES-MaACL
005 - FECHA Y HORA DE LA ÚLTIMA TRANSACCIÓN
campo de control 20250808051420.0
008 - DATOS DE LONGITUD FIJA--INFORMACIÓN GENERAL
campo de control de longitud fija 040806s1857 fr |||| | fre d
040 ## - FUENTE DE CATALOGACIÓN
Centro catalogador/agencia de origen CAM
Lengua de catalogación spa
Centro/agencia transcriptor CAM
100 1# - ENTRADA PRINCIPAL--NOMBRE DE PERSONA
Nombre de persona Jouyne, Zéphirin.
9 (RLIN) 128374
245 10 - MENCIÓN DEL TÍTULO
Título Grande extension du commerce extérieur de la France et de ses industries agricole et manufacturière par le retrait des prohibitions inscrites dans les tarifes des douanes /
Mención de responsabilidad, etc. par Z. Jouyne.
260 ## - PUBLICACIÓN, DISTRIBUCIÓN, ETC.
Lugar de publicación, distribución, etc. Paris :
Nombre del editor, distribuidor, etc. Eugène Pick,
Fecha de publicación, distribución, etc. 1857 (
Fabricante typographie Gaittet et Cie.)
300 ## - DESCRIPCIÓN FÍSICA
Extensión VII, 338 p. ;
Dimensiones 18 cm.
651 #7 - PUNTO DE ACCESO ADICIONAL DE MATERIA--NOMBRE GEOGRÁFICO
Nombre geográfico Francia-
Subdivisión general Comercio exterior-
Subdivisión cronológica S.XIX
Fuente del encabezamiento o término
9 (RLIN) 137167
852 ## - LOCALIZACIÓN
Ubicación ES-MaACL
Número de control de estantería R-423
Nota libre -- Rúst.
Encuadernación Olim: D-441
Holdings
Estatus retirado Estado de pérdida Estado de daño No para préstamo Colección Biblioteca de origen Biblioteca actual Ubicación en estantería Fecha de adquisición Fuente de adquisición Total de préstamos Signatura topográfica completa Código de barras Visto por última vez Precio de reemplazo Tipo de ítem Koha
        Libros del s. XIX Biblioteca del Ateneo de Madrid Biblioteca del Ateneo de Madrid Depósito 17/01/2008     R-423 1163686 23/02/2023 23/02/2023 Libro impreso antiguo